Responses for show #4582 - Tuesday, July 6, 2004

Ken Jennings game 25.

Contestants

[<< previous game]

Jenny Miller, a legislative assistant from Arlington, Virginia

Tom Aquino, a lawyer from Boston, Massachusetts

Ken Jennings, a software engineer from Salt Lake City, Utah (whose 24-day cash winnings total $774,960)

[next game >>]

Jeopardy! Round responses

U.S. PRESIDENTIAL NICKNAMES
BALLPARK FIGURES
WEDDINGS
(Alex: We want you to identify the work in...)
NOVEL QUOTES
THREE CHEERS!
GIVE ME AN "A"!
    $200 6
(Ken: Uh, who is... Jefferson?)

George Washington

KenTom
    $200 21
Pete Rose

Ken
    $200 11
ringbearer

Ken
    $200 1
The Hobbit

Ken
    $200 26
Rice Krispies

Ken
    $200 16
ants

Ken
    $400 7
Abraham Lincoln

Jenny
    $400 22
Lou Gehrig

Jenny
    $400 12
(Ken: What's a wedding dress?)
...
(Alex: Yes, the wedding dresses are usually white. The bridesmaid's, well, they vary a lot.)

a bridesmaid's dress

KenJenny
    $400 2
Robinson Crusoe

Ken
    $400 27
England, Scotland & Wales

Ken
    $400 17
apples

Ken
    $600 8
Thomas Jefferson

Jenny
    $600 23
Reggie Jackson

Ken
    $600 13
"let him speak now or forever hold his peace"

Ken
    $600 3
Animal Farm

Ken
    $600 28
racing's Triple Crown

Ken
    $600 18
Anchorage

Ken
    $800 9
Engineer

Triple Stumper
    $800 24
"Goose"

Triple Stumper
    $800 14
(Tom: What are cutlasses?)

sabres

KenTom
    $800 4
Brave New World

Ken
    $800 29
Three-Mile Island

Jenny
    $800 19
the Alvin

Ken
    $1,000 10
Woodrow Wilson

Jenny
    $1000 25
Tug McGraw

Tom
    $1000 15
the celebrant

Ken
    $1000 5
(Alex: Hey, well done. You ran the category. $3,000 for you.)
[Applause for Ken's run of the category]

Watership Down

Ken
    $1000 30
Cerberus

Jenny
    $1000 20
Albania

Ken

Scores at the first commercial break (after clue 13):

Ken Tom Jenny
$3,200 $200 $2,400

Scores at the end of the Jeopardy! Round:

Ken Tom Jenny
$10,000 $400 $4,600

Double Jeopardy! Round responses

RUBY
THE EMERALD ISLE
PEARLS OF WISDOM
CORAL REEF LIFE
"DIAMOND"s IN THE ROUGH
WHAT A GEM!
    $400 6
strip joints (or nightclubs)

Ken
    $400 1
Dublin

Tom
    $400 16
Andy Warhol

Jenny
    $400 26
the Great Barrier Reef

Ken
    $400 11
the diamondback

Ken
    $400 21
amber

Jenny
    $800 7
(Alex: In Cold Mountain, correct.)

Renée Zellweger

Ken
    $800 2
Ulster

Ken
    $800 17
Benjamin Franklin

Jenny
    $800 27
(Ken: What's Key West?)

Key Largo

KenTom
    $800 12
(Ken: Oh. What is... Diamond Peak?)
...
(Alex: [*], a great tourist spot.)

Diamond Head

Ken
Triple Stumper
    $800 22
(Tom: What is aquamarine?)

turquoise

KenTom
    $1200 8
Ruby Keeler

Ken
    $1200 3
(Jenny: Who is Clinton?)

Reagan

KenJenny
    $5,000 18
(Jenny: Who is Mark Twain?)
(Alex: Oh, no. Who is [*]?--who wrote The Compleat Angler.)

Izaak Walton

Jenny
    $1200 28
(Ken: What are jellyfish?)
(Jenny: What is "an eneme"?)
(Alex: An anemone?)
(Jenny: Ene--)
(Alex: No.)

starfish

KenJenny
Triple Stumper
    $1200 13
"Diamonds Are A Girl's Best Friend"

Jenny
    $1200 23
a sapphire

Ken
    $1600 9
"Three Little Words"

Triple Stumper
    $1600 4
Waterford

Jenny
    $1600 19
(Jenny: Who is Oscar Wilde?)

Samuel Beckett

Jenny
Triple Stumper
    $1600 30
a moray eel

Tom
    $1600 14
Crater of Diamonds State Park

Triple Stumper
    $1600 24
opal

Ken
    $2000 10
Ruby Dee

Ken
    $2,000 5
(Jenny: What is... I can't remember.)

the River Shannon

Jenny
    $2000 20
(Tom: Who's Voltaire?)

George Santayana

Tom
Triple Stumper
    $2000 29
an atoll

Ken
    $2000 15
(Ken: Who is Diamond Jim?)
(Alex: More.)

Diamond Jim Brady

Ken
    $2000 25
topaz

Jenny

Scores at the end of the Double Jeopardy! Round:

Ken Tom Jenny
$22,000 $400 $0
(lock game)

[wagering suggestions for these scores]

Final Jeopardy! Round responses

HISTORIC ENGLISHMEN
(Alex: [*], killed in the Hawaiian islands.)
...
(Alex: So, you have your smallest win, $14,000, but your total keeps going up and up. Today at $788,960.)
TomWho is ?
$0
KenWho is George III?
$8,000
Captain Cook

Final scores:

Ken Tom Jenny
$14,000 $400 $0
25-day champion: $788,960 2nd place: $2,000 3rd place: $1,000

Game dynamics:

Coryat scores:

Ken Tom Jenny
$22,000 $400 $7,000
32 R,
5 W
5 R,
3 W
13 R
(including 1 DD),
5 W
(including 2 DDs)

Combined Coryat: $29,400

The J! Archive is created by fans, for fans. The Jeopardy! game show and all elements thereof, including but not limited to copyright and trademark thereto, are the property of Jeopardy Productions, Inc. and are protected under law. This website is not affiliated with, sponsored by, or operated by Jeopardy Productions, Inc. Join the discussion at JBoard.tv.